Statistiques concernant Recrues TFC 90/00

Cliquez ici pour prendre le quiz!

Statistiques générales

  • Ce quiz a été pris 3 fois
  • Le résultat moyen est 15 sur 77

Statistiques - réponses

HintRéponse% Correct
San LorenzoAcosta
67%
MarseilleCasanova
67%
BrestFerrer
67%
LilleGaltier
67%
Sparta PragueNemecek
67%
Dundee FCAnderson
33%
MuretArribagé
33%
MarseilleBaldé
33%
PSGCalderaro
33%
AjaccioCourtois
33%
LASKDadi
33%
PortoDemol
33%
OdenseEkelund
33%
NantesEyraud
33%
Le MansGarcin
33%
ASEC MimosasGouaméné
33%
Rapid VienneIpoua
33%
St-EtiènneKastendeuch
33%
BâleLa Placa
33%
AalstLauwers
33%
BastiaLoret
33%
AlèsMaharzi
33%
LorientMalm
33%
LensMéride
33%
CaenMontanier
33%
CA TallaresM'tawali
33%
Sporting LisbonneOceano
33%
LyonPatouillard
33%
Croatia ZagrebPetrovic
33%
KortrijkPrunier
33%
RC ParisRegragui
33%
PSGReynaud
33%
San LorenzoRossi
33%
StrasbourgRott
33%
LensSankharé
33%
RC LiègeSebwe
33%
MulhouseTaborda
33%
Paris FCTchimbakala
33%
St-DenisSt-LeuTiéhi
33%
Fortuna DusseldorfWalther
33%
Le HavreAubameyang
0%
CannesBastère
0%
PoitiersBillac
0%
PerpignanChanlot
0%
Espanyol BarceloneCobos
0%
BordeauxDa Rocha
0%
MonzaFernandez
0%
AlèsFouka
0%
CompostelaGaldames
0%
BordeauxGomis
0%
NantesGuyot
0%
SochauxHadzibegic
0%
PerpignanHenry
0%
Banik OstravaHyravy
0%
MarseilleJambay
0%
StrasbourgKein
0%
MarseilleLada
0%
CannesLibbra
0%
MonacoManac'h
0%
Le HavreMoreau
0%
La GantoiseN'Diaye
0%
Fortuna DusseldorfObafemi
0%
StrasbourgPaillard
0%
PSGPardeilhan
0%
MontpellierPickeu
0%
BordeauxPlancque
0%
ToulonPons
0%
ChateaurouxPréget
0%
MetzRomano
0%
NancySachy
0%
CaenSalun
0%
BastiaSantini
0%
BordeauxSénac
0%
ASEC MimosasSié
0%
LavalStrzelczak
0%
MonacoValéry
0%
BordeauxVecchioni
0%

Distribution des résultats

Percentile par nombre de réponses

% des personnes avec chaque résultat

Votre développement - résultats

Vous n’avez pas pris ce quiz